F1 Season: 1952 Race Winners - Statistics

General Stats
  • This quiz has been taken 151 times
  • The average score is 7 of 8
Answer Stats
Grand Prix Winner % Correct
Belgian Alberto Ascari
100%
French Alberto Ascari
100%
British Alberto Ascari
100%
German Alberto Ascari
100%
Dutch Alberto Ascari
100%
Italian Alberto Ascari
100%
Swiss Piero Taruffi
42%
Indianapolis 500 Troy Ruttman
29%
No matching quizzes found
Score Distribution
Percent of People with Each Score
Percentile by Number Answered
Your Score History
You have not taken this quiz